000
00320nam a2200109Ia 4500
008
200302s9999 xx 000 0 und d
100
_a
Mathew Kurian and Others
245
_a
Peri-Urban Water and Sanitaition Services Policy, Planning and Method
260
_b
Springer Verlag Published
260
_c
2010
300
_a
300 P.,
999
_c
5373
_d
5373